Apes /

Bibliographic Details
Main Author: Grace, Eric S.
Other Authors: Lawrence, R. D., 1921-2003
Format: Book
Language:English
Published: San Francisco : Sierra Club Books for Children, [1995]
Edition:1st ed.
Series:Sierra Club wildlife library.
Subjects:

MARC

Tag First Indicator Second Indicator Subfields
LEADER 00000pam a2200000 a 4500
001 in00001409947
005 20151020070429.0
008 950124s1995 caua j 001 0 eng
010 |a  95002167  
020 |a 0871563657 
035 |a (OCoLC)32013805 
035 |9 AHP8885AM 
040 |a DLC  |c DLC  |d UtOrBLW 
049 |a TXAG 
050 0 0 |a QL737.P96  |b G65 1995 
082 0 0 |a 599.88  |2 20 
100 1 |a Grace, Eric S. 
245 1 0 |a Apes /  |c Eric S. Grace ; general editor, R.D. Lawrence. 
250 |a 1st ed. 
264 1 |a San Francisco :  |b Sierra Club Books for Children,  |c [1995] 
264 4 |c ©1995 
300 |a 64 pages :  |b color illustrations ;  |c 28 cm. 
336 |a text  |b txt  |2 rdacontent 
337 |a unmediated  |b n  |2 rdamedia 
338 |a volume  |b nc  |2 rdacarrier 
490 1 |a Sierra Club wildlife library 
500 |a Includes index. 
650 0 |a Apes  |v Juvenile literature. 
650 1 |a Apes. 
700 1 |a Lawrence, R. D.,  |d 1921-2003. 
830 0 |a Sierra Club wildlife library. 
999 |a MARS 
999 f f |s aecf2e07-e8a2-3cd2-aeff-dec931d371c3  |i 3b7c6800-5993-3b97-88ac-78cd61823e5b  |t 0 
952 f f |p ric  |a Texas A&M University  |b Rellis Campus  |c Joint Library Facility  |d Remote Storage  |t 0  |e QL737.P96 G65 1995  |h Library of Congress classification  |i unmediated -- volume  |m A14822370787 
998 f f |a QL737.P96 G65 1995  |t 0  |l Remote Storage